| 000 | 01335nam0a2200313 4500 | ||
|---|---|---|---|
| 001 | RU\NLR\bibl\1321624 | ||
| 005 | 20090615123650.0 | ||
| 010 |
_a978-5-465-01815-9 _915000 |
||
| 021 |
_aRU _bКН-П-22-040908 _9КН-П-22-3533 |
||
| 035 | _a(NLR Aleph) 001306964 | ||
| 090 |
_a655144 _c655144 |
||
| 100 | _a20090129d2008 d y0rusy50 ca | ||
| 101 | 1 |
_arus _ceng |
|
| 102 | _aRU | ||
| 105 | _aa ||||||||| | ||
| 200 | 1 |
_aПриключения Тома Сойера _e[для детей среднего школьного возраста] _fМарк Твен _g[пер. с англ. - Н. Дарузес] _gхудож. И. Петелина |
|
| 210 |
_aРеутов _cОмега _aМосква _cОмега-Пресс _d2008 |
||
| 215 |
_a284, [2] с., [18] с. цв. ил. _d21 |
||
| 225 | 1 | _aШкольная библиотека | |
| 300 | _aПроизведения печатаются без сокр. | ||
| 686 | _aШ9(7США)62-4 | ||
| 700 | 1 |
_4070 _7ca _8rus _aТвен _bМ. _f1835-1910 _gМарк _9110265 _3RU\NLR\auth\77201 |
|
| 702 | 1 |
_4040 _7ca _8rus _aПетелина _bИ. А. _cхудожник _f1964- _gИрина Андреевна _936108 _3RU\NLR\auth\7753175 |
|
| 801 | 0 |
_aRU _bNLR _c20090129 _gRCR |
|
| 801 | 1 |
_aRU _bNLR _c20090129 |
|
| 942 | _cBOOK | ||
| 980 | _aNB | ||